[Event "FIDE WCCC U12 2018"]
[Site "Santiago de Compostela"]
[Date "2018.11.13"]
[Round "9"]
[White "Damjanovic, Vuk"]
[Black "Metzdorf, Matteo"]
[Result "1-0"]
[WhiteElo "2053"]
[BlackElo "1865"]
[Annotator "NA RC"]
[PlyCount "207"]
[EventDate "2018.11.04"]
[EventType "swiss"]
[EventCountry "ESP"]
[SourceTitle "playchess.com"]
[Source "ChessBase"]
[SourceQuality "1"]
[TimeControl "40/5400+30:1800+30"]

{[%evp 9,166,14,15,32767,26,32767,6,32767,0,-10,32767,32767,5,8,36,25,32767,32767,32767,32767,32767,32767,32767,32767,32767,32767,10,32767,32767,32767,31,29,32767,0,70,32767,64,32767,32767,4,32767,32767,95,32767,32767,32767,99,32767,97,104,32767,32767,51,0,104,32767,101,32767,32767,32767,127,165,174,32767,32767,32767,32767,164,32767,114,32767,104,171,32767,32767,32767,90,107,194,162,156,168,193,258,177,176,203,202,202,199,180,180,201,277,204,210,408,222,203,32767,234,284,303,688,327,384,406,455,12833,390,12850,0,128,145,145,128,128,109,32767,32767,32767,32767,324,32767,32767,32767,12851,335,404,304,387,503,608,303,795,750,438,1090,474,637,406,579,550,12851,935,1246,12851,1083,1108,1019,1237,1322,6068,12851,5583,7056,29973,5714,29952]} 1. d4 {[%emt 0:00:00]} e6 {[%emt 0:00:00]} 2. c4 {[%emt 0:00:00]} Nf6 {[%emt 0:00:04]} 3. Nc3 {[%emt 0:00:00]} d5 {[%emt 0:00:12]} 4. Bg5 {[%emt 0:00:00]} Be7 {[%emt 0:00:54]} 5. e3 {[%emt 0:00:16]} h6 {[%emt 0:00:28]} 6. Bh4 {[%emt 0:00:15]} O-O {[%emt 0:00:53]} 7. Nf3 {[%emt 0:00:21]} b6 {[%emt 0:01:52]} 8. Bxf6 {[%emt 0:00:08]} Bxf6 {[%emt 0:00:41]} 9. cxd5 {[%emt 0:01:04]} exd5 {[%emt 0:01:14]} 10. Be2 {[%emt 0:02:02]} Be6 {[%emt 0:02:30] LiveBook: 25 Games} 11. O-O {[%emt 0:02:28] D58: Queen's Gambit Declined: Tartakower Defence} Qe7 {[%emt 0:02:40]} (11... c5 12. Rc1 Nc6 13. Na4 c4 14. b3 b5 15. Nc5 Be7 16. Nxe6 fxe6 17. bxc4 bxc4 18. Qa4 Qd6 {½-½ (38) Korobov,A (2705)-Hracek,Z (2628) Legnica 2013}) 12. Qa4 {[%emt 0:09:57]} Rd8 {[%emt 0:09:23]} 13. Rac1 {[%emt 0:06:04]} c5 {[%emt 0:09:06]} 14. dxc5 {[%emt 0:01:12]} bxc5 {[%emt 0:00:58]} 15. Rfd1 {[%emt 0:00:32]} Bxc3 $146 {[%emt 0:16:37]} ({Predecessor:} 15... a6 16. Qa3 Qa7 17. Na4 c4 {½-½ (36) Rajlich,I (2425)-Mkrtchian,L (2240) Elista 1998}) 16. Rxc3 {[%emt 0:00:10]} Nd7 {[%emt 0:00:13]} 17. Bb5 {[%emt 0:16:22]} Nb6 {[%emt 0:18:41]} 18. Qf4 {[%emt 0:13:52]} c4 {[%emt 0:27:34]} 19. Nd4 {[%emt 0:26:43]} Qd6 {[%emt 0:06:13]} 20. Qxd6 {[%emt 0:22:49]} Rxd6 {[%emt 0:00:19]} 21. Ne2 {[%emt 0:00:29]} Rad8 {[%emt 0:05:20]} ({Black should play} 21... Rb8 $11) 22. Ra3 {[%emt 0:02:40]} Bd7 {[%emt 0:06:58]} 23. Nc3 {[%emt 0:05:42]} Ra8 {[%emt 0:03:29]} 24. Ra6 (24. Bxd7 $16 Rxd7 25. Ra5) 24... Bc8 {[%emt 0:04:54]} 25. Ra5 {[%emt 0:06:40]} Bb7 {[%emt 0:00:55]} (25... a6 $11 {keeps the balance.} 26. Ba4 Nxa4 27. Nxa4 (27. Rxa4 Rb6 $11) 27... Be6) 26. Ba4 {[%emt 0:00:55]} a6 {[%emt 0:00:40]} 27. Rd4 {[%emt 0:00:42]} Rc8 {[%emt 0:00:31]} (27... Nxa4 $14 28. Nxa4 Rg6) 28. Bd1 {[%emt 0:00:36]} Rcd8 {[%emt 0:01:21]} 29. Bf3 {[%emt 0:00:21]} Kf8 {[%emt 0:00:43]} 30. Rc5 {[%emt 0:00:25]} Rc6 {[%emt 0:00:41]} 31. Ra5 {[%emt 0:00:38]} Rcd6 {[%emt 0:00:16]} 32. g3 {[%emt 0:00:29]} Ke7 {[%emt 0:00:21]} 33. Kg2 {[%emt 0:00:35]} f5 {[%emt 0:00:26]} 34. Rc5 {[%emt 0:00:34]} Rc6 {[%emt 0:00:39]} 35. Nxd5+ Rxd5 {[%emt 0:01:08]} 36. Rcxd5 {[%emt 0:00:59]} Nxd5 37. Bxd5 {[%emt 0:00:24]} Rb6 {[%emt 0:00:47]} 38. Bxb7 {[%emt 0:00:31]} Rxb7 {[%emt 0:00:21]} 39. Rd2 {[%emt 0:00:37]} ({Better is} 39. Rxc4 $18 Rxb2 40. a3) 39... Ke6 {[%emt 0:00:33]} 40. Kf3 {[%emt 0:00:00]} Ke5 {[%emt 0:00:00]} 41. Ke2 {[%emt 0:00:38]} g5 {[%emt 0:01:17]} 42. f3 {[%emt 0:01:40]} Rb6 {[%emt 0:04:07]} 43. Kd1 {[%emt 0:03:41]} f4 {[%emt 0:09:23]} (43... h5 $16 {is a better defense.} 44. f4+ gxf4) 44. gxf4+ {[%emt 0:01:08]} gxf4 {[%emt 0:00:09] [#]} 45. e4 $1 {[%emt 0:00:06]} Rb5 {[%emt 0:03:04]} 46. Kc2 {[%emt 0:00:35]} Ra5 {[%emt 0:02:04]} 47. Kc3 {[%emt 0:11:07]} Rxa2 {[%emt 0:01:10] [#]} 48. Rd5+ $1 {[%emt 0:00:08]} ({Much less strong is} 48. Kxc4 $6 Ke6 $16) 48... Ke6 {[%emt 0:01:04]} 49. Rh5 {[%emt 0:01:25]} Ra1 {[%emt 0:00:53]} 50. Rxh6+ {[%emt 0:00:08]} Ke5 {[%emt 0:00:30]} 51. Rh5+ {[%emt 0:06:54]} ({Not} 51. Kxc4 Rc1+ 52. Kd3 Rd1+ 53. Kc2 Rf1 $16) 51... Ke6 {[%emt 0:02:07] [#]} 52. Rf5 $1 {[%emt 0:08:52]} Rc1+ {[%emt 0:01:34]} 53. Kd2 {[%emt 0:00:12]} Rh1 {[%emt 0:00:24]} 54. Rxf4 {[%emt 0:00:28]} Rxh2+ {[%emt 0:00:19]} 55. Kc3 {[%emt 0:00:10]} Re2 {[%emt 0:01:11]} 56. Rf5 {[%emt 0:00:29]} Ke7 {[%emt 0:01:21]} 57. Re5+ {[%emt 0:00:17]} Kd6 {[%emt 0:01:33]} 58. Ra5 {[%emt 0:01:31]} Re3+ {[%emt 0:00:55]} 59. Kxc4 {[%emt 0:00:29]} Rxf3 {[%emt 0:00:04]} 60. Kd4 $2 {[%emt 0:00:28]} (60. Rxa6+ $18 Ke5 61. Ra8) 60... Rb3 {[%emt 0:00:20]} 61. Rxa6+ {[%emt 0:00:07]} Ke7 {[%emt 0:00:07]} 62. Ra2 {[%emt 0:00:23]} Rb4+ {[%emt 0:00:39]} 63. Kd5 {[%emt 0:00:21]} Rb5+ {[%emt 0:01:17]} 64. Kc4 {[%emt 0:00:06]} Re5 {[%emt 0:00:05]} 65. Ra7+ {[%emt 0:01:10]} Kd6 {[%emt 0:00:35]} 66. Ra6+ {[%emt 0:00:22]} Ke7 {[%emt 0:00:51]} 67. Kd4 {[%emt 0:00:07]} Rb5 {[%emt 0:00:06]} 68. Kc3 {[%emt 0:00:03]} Rc5+ {[%emt 0:00:33]} 69. Kb3 {[%emt 0:00:14]} Rb5+ {[%emt 0:01:06]} 70. Ka3 {[%emt 0:00:08]} Re5 {[%emt 0:00:38]} 71. Ra4 {[%emt 0:00:05]} Kd6 {[%emt 0:00:40]} 72. Rc4 {[%emt 0:00:06]} Ra5+ {[%emt 0:01:12]} 73. Kb4 {[%emt 0:00:08]} Ra8 {[%emt 0:00:39]} 74. b3 {[%emt 0:00:20]} Ke5 {[%emt 0:00:45]} 75. Kc3 {[%emt 0:00:18]} Rh8 {[%emt 0:01:02]} 76. Kb2 {[%emt 0:03:04]} Rh2+ {[%emt 0:01:04]} 77. Ka3 {[%emt 0:00:06]} Rh8 {[%emt 0:00:24]} 78. b4 {[%emt 0:00:29]} Ra8+ {[%emt 0:00:07]} 79. Kb3 {[%emt 0:00:05]} Rb8 {[%emt 0:00:32]} 80. Ka4 {[%emt 0:00:08]} Kd6 {[%emt 0:00:25]} 81. b5 {[%emt 0:00:08]} Ra8+ {[%emt 0:00:22]} 82. Kb4 {[%emt 0:00:09]} Ke5 {[%emt 0:00:48]} 83. b6 {[%emt 0:00:12]} Kd6 {[%emt 0:00:43]} 84. Kb5 {[%emt 0:00:09]} Kd7 {[%emt 0:01:40]} 85. Rd4+ {[%emt 0:01:06]} Kc8 {[%emt 0:01:31]} 86. Kc6 {[%emt 0:00:08]} Ra6 {[%emt 0:00:08]} 87. e5 {[%emt 0:00:05]} Ra7 {[%emt 0:00:32]} 88. Rd8+ {[%emt 0:00:11]} Kxd8 {[%emt 0:00:08]} 89. bxa7 {[%emt 0:00:04]} Ke7 {[%emt 0:00:07]} 90. a8=Q {[%emt 0:00:07]} Ke6 {[%emt 0:00:19]} 91. Qe8+ {[%emt 0:00:04]} Kf5 {[%emt 0:00:05]} 92. e6 {[%emt 0:00:05]} Kf4 {[%emt 0:00:06]} 93. Qd7 {[%emt 0:00:04]} Kf3 {[%emt 0:00:05]} 94. e7 {[%emt 0:00:06]} Kf4 {[%emt 0:00:04]} 95. e8=N {[%emt 0:00:04]} Kf3 {[%emt 0:00:06]} 96. Qe6 {[%emt 0:00:05]} Kf4 {[%emt 0:00:04]} 97. Nd6 {[%emt 0:00:04]} Kf3 {[%emt 0:00:04]} 98. Qe4+ {[%emt 0:00:04]} Kf2 {[%emt 0:00:06]} 99. Nc4 {[%emt 0:00:06]} Kg3 {[%emt 0:00:07]} 100. Qf5 Kh2 {[%emt 0:00:08]} 101. Qg4 {[%emt 0:00:11]} Kh1 {[%emt 0:00:06]} 102. Nd2 {[%emt 0:00:07]} Kh2 {[%emt 0:00:06]} 103. Nf3+ {[%emt 0:00:05]} Kh1 {[%emt 0:00:04]} 104. Qg1# {[%emt 0:00:07]} 1-0

[Event "FIDE WCCC U12 2018"]
[Site "Santiago de Compostela"]
[Date "2018.11.13"]
[Round "9"]
[White "Xu, Arthur"]
[Black "Zhakshylykov, Erzhan"]
[Result "1-0"]
[WhiteElo "2034"]
[BlackElo "1526"]
[Annotator "NA RC"]
[PlyCount "67"]
[EventDate "2018.11.04"]
[EventType "swiss"]
[EventCountry "ESP"]
[SourceTitle "playchess.com"]
[Source "ChessBase"]
[SourceQuality "1"]
[TimeControl "40/5400+30:1800+30"]

1. e4 {[%emt 0:00:00]} c5 {[%emt 0:00:00]} 2. Nf3 {[%emt 0:00:00]} d6 {[%emt 0:00:07]} 3. d4 {[%emt 0:00:00]} cxd4 {[%emt 0:00:09]} 4. Nxd4 {[%emt 0:00:00]} Nf6 {[%emt 0:00:13]} 5. f3 {[%emt 0:00:00]} g6 {[%emt 0:02:50]} 6. c4 {[%emt 0:00:06]} Bg7 {[%emt 0:00:11]} 7. Nc3 {[%emt 0:00:10]} Nc6 {[%emt 0:00:20]} 8. Be3 {[%emt 0:00:07]} Bd7 {[%emt 0:00:34]} 9. Be2 {[%emt 0:00:09]} O-O {[%emt 0:00:20]} 10. O-O {[%emt 0:00:08]} Ne5 {[%emt 0:02:05]} 11. Qd2 {[%emt 0:01:25]} Rc8 {[%emt 0:01:41]} 12. b3 {[%emt 0:03:20]} a6 {[%emt 0:02:20]} 13. Rac1 {[%emt 0:01:48]} Re8 {[%emt 0:10:40] LiveBook: 9 Games} 14. Rfd1 {[%emt 0:06:37] B38: Sicilian: Maroczy Bind with 5...Bg7 and 7...0-0} (14. Rc2 Nc6 15. Rb1 Nb4 16. Rcc1 Nh5 17. Bf1 Nc6 18. Nde2 f5 19. Nd5 fxe4 20. Bb6 exf3 21. gxf3 Rc7 22. Bxc7 {1-0 (39) Dudukin,I (2396)-Zaremba,A (2348) chess.com INT 2017}) 14... Qa5 {[%emt 0:03:45]} 15. Kh1 {[%emt 0:02:02]} h5 {[%emt 0:05:41]} 16. h3 $146 {[%emt 0:18:56]} ({Predecessor:} 16. Rc2 Bc6 17. Nd5 Qxd2 18. Rdxd2 Nxd5 19. exd5 Bd7 20. h3 f5 21. b4 e6 22. dxe6 Bxe6 23. Nxe6 Rxe6 {1-0 (54) Creteanu,G (1745)-Valeanu,E (1835) Sovata 2001}) 16... Rb8 {[%emt 0:08:52]} 17. Rc2 {[%emt 0:06:37]} Rec8 {[%emt 0:05:05]} 18. Rdc1 {[%emt 0:04:15]} Qb4 {[%emt 0:09:32]} (18... Nc6 $14) 19. Bg5 {[%emt 0:03:07]} Nc6 {[%emt 0:10:24]} 20. Bxf6 {[%emt 0:05:17]} exf6 {[%emt 0:01:28]} 21. Nd5 {[%emt 0:21:30]} Qxd2 {[%emt 0:00:49]} 22. Rxd2 {[%emt 0:00:06]} Re8 {[%emt 0:04:25]} 23. Nb6 {[%emt 0:05:51]} Be6 {[%emt 0:01:40]} 24. Nxe6 {[%emt 0:07:24]} Bh6 {[%emt 0:02:44]} 25. Rcd1 {[%emt 0:02:18]} Bxd2 {[%emt 0:00:59]} 26. Nc7 {[%emt 0:00:10]} Bf4 {[%emt 0:02:58]} 27. Nxe8 {[%emt 0:02:02]} Rxe8 {[%emt 0:00:13]} 28. Nd5 {[%emt 0:00:06]} Be5 {[%emt 0:00:28]} 29. f4 {[%emt 0:00:16]} Bb2 {[%emt 0:05:56] [#]} 30. Rd2 $1 {[%emt 0:04:15]} Ba1 {[%emt 0:03:19]} 31. e5 {[%emt 0:00:34]} Rd8 {[%emt 0:06:32]} 32. exd6 {[%emt 0:01:40]} Kf8 {[%emt 0:08:54]} 33. c5 {[%emt 0:01:18]} Bd4 {[%emt 0:02:25]} 34. b4 $18 {[%emt 0:00:27]} 1-0

[Event "FIDE WCCC U12 2018"]
[Site "Santiago de Compostela"]
[Date "2018.11.13"]
[Round "9"]
[White "Stalmach, Richard"]
[Black "Tugstumur, Yesuntumur"]
[Result "1-0"]
[WhiteElo "2028"]
[BlackElo "2331"]
[Annotator "TA"]
[PlyCount "59"]
[EventDate "2018.11.04"]
[EventType "swiss"]
[EventCountry "ESP"]
[SourceTitle "playchess.com"]
[Source "ChessBase"]
[SourceQuality "1"]

{[%evp 16,59,77,33,81,45,91,58,56,64,81,55,98,66,121,119,118,79,58,100,139,22,99,101,694,668,954,919,1246,1201,1739,1730,1673,1656,1565,1199,1883,1810,1547,1116,1042,973,29970,5168,29991,29992]} 1. d4 Nf6 2. c4 c5 3. d5 b5 4. cxb5 a6 5. f3 g6 6. e4 d6 7. Nc3 Bg7 8. a4 O-O 9. Be3 {LiveBook: 8 Games. A57: Benko/Volga Gambit} Ne8 10. Qd2 $146 ({Predecessor:} 10. Be2 axb5 11. axb5 Rxa1 12. Qxa1 Qb6 13. h4 h5 14. Nh3 Nc7 15. Qc1 Nd7 16. Nf2 Qb7 {1-0 (39) Berczes,D (2471)-Le,Q (2706) Las Vegas 2014}) 10... f5 11. h4 {White is better.} axb5 12. Bxb5 Ba6 13. Bxa6 Nxa6 14. h5 Nb4 (14... gxh5 $14 15. Nge2 (15. Rxh5 fxe4 16. Nxe4 Nf6 $14) 15... fxe4) 15. hxg6 $16 hxg6 16. Nge2 {Strongly threatening Bh6.} fxe4 17. Nf4 {Ne6 is the strong threat.} Nc7 18. Nxe4 (18. fxe4 $16 Qe8 19. O-O) 18... Rf5 {[#]} (18... Qe8 $1 $11 {remains equal.}) 19. g4 $1 $36 {[%cal Bg2g4,Bg4f5][%mdl 2080] White is in control.} ({Not} 19. Nxg6 Qe8 $17) 19... Ncxd5 $2 {[%mdl 8192]} (19... Rxf4 $16 20. Bxf4 Ncxd5) 20. gxf5 $18 Nxe3 21. Qh2 Nbc2+ 22. Kf2 Kf7 {[#]} 23. Qh7 $1 {[%mdl 512]} Ke8 24. Qxg7 {Threatening mate with Nf6+!} Kd7 25. Rac1 Nxf5 26. Qxg6 Ncd4 27. Nd3 Kc7 {[#]} 28. Ndxc5 $1 {aiming for Ne6+.} dxc5 29. Nxc5 Kb8 30. Rh8 {Precision: White = 60%, Black = 10%.} 1-0

[Event "FIDE WCCC U12 2018"]
[Site "Santiago de Compostela"]
[Date "2018.11.13"]
[Round "9"]
[White "Park, Evan"]
[Black "Milikow, Elie"]
[Result "1/2-1/2"]
[WhiteElo "1997"]
[BlackElo "2173"]
[Annotator "TA"]
[PlyCount "75"]
[EventDate "2018.11.04"]
[EventType "swiss"]
[EventCountry "ESP"]
[SourceTitle "playchess.com"]
[Source "ChessBase"]
[SourceQuality "1"]

{[%evp 14,75,-20,-28,-23,-28,-29,-29,-27,-27,-34,0,0,-36,16,16,16,16,16,14,29,24,27,25,31,27,27,16,27,22,20,17,24,29,27,16,25,12,40,40,39,19,41,25,25,25,25,25,25,25,25,25,25,15,15,0,10,23,14,0,0,0,25,0]} 1. e4 c5 2. Nc3 Nc6 3. f4 g6 4. Nf3 Bg7 5. Bc4 e6 6. e5 d6 7. exd6 Qxd6 8. Ne4 {LiveBook: 16 Games} Qxf4 {B23: Closed Sicilian: Lines without g3} 9. d3 Qc7 10. O-O Nge7 {Black has an edge.} 11. Bg5 $146 ({Predecessor:} 11. Be3 b6 12. Qd2 h6 13. Bf4 e5 14. Bxf7+ Kd8 15. Bg3 Bd7 16. b4 Rf8 17. Bb3 Nd4 18. Nxe5 Rxf1+ 19. Rxf1 Bxe5 20. Rf8+ Be8 21. Nf6 {1-0 (21) Tukhaev,A (2439)-Rymskyy,A (2064) Dnipropetrovsk 2005}) 11... h6 12. Bf6 O-O 13. Qe1 Nd5 (13... b6 $15) 14. Bxg7 $11 Kxg7 15. Bxd5 exd5 16. Nxc5 Bg4 17. Qc3+ Kh7 18. Nd4 Rac8 19. Ncb3 Qb6 {[#] Hoping for ...Nb4.} 20. Kh1 Bd7 21. Nxc6 Qxc6 22. Qxc6 Bxc6 23. Nd4 Kg7 24. Kg1 Rfe8 25. Rf4 Re7 26. Raf1 Bd7 27. h3 h5 28. Kh2 f5 29. h4 Rce8 30. Kg3 Re3+ 31. R4f3 R3e7 32. Kf4 Kf6 33. c3 a5 34. Rg3 b6 35. Rgf3 Re5 36. R3f2 Re3 37. Rf3 R3e7 38. R3f2 {Precision: White = 61%, Black = 53%.} 1/2-1/2

[Event "FIDE WCCC U12 2018"]
[Site "Santiago de Compostela"]
[Date "2018.11.13"]
[Round "9"]
[White "Thomforde-Toates, Noah"]
[Black "Droin, Augustin"]
[Result "0-1"]
[WhiteElo "1970"]
[BlackElo "2155"]
[Annotator "TA"]
[PlyCount "100"]
[EventDate "2018.11.04"]
[EventType "swiss"]
[EventCountry "ESP"]
[SourceTitle "playchess.com"]
[Source "ChessBase"]
[SourceQuality "1"]

{[%evp 30,100,-70,-35,-76,-55,-18,-3,-17,0,0,-19,-41,-123,-111,-368,-370,-368,-356,-460,-464,-458,-433,-467,-452,-490,-457,-566,-449,-479,-410,-410,-409,-411,-417,-436,-361,-424,-390,-426,-336,-426,-425,-410,-410,-432,-436,-428,-425,-429,-408,-483,-488,-648,-643,-775,-757,-1295,-685,-670,-583,-666,-655,-560,-491,-4129,-4527,-4129,-3165,-5435,-5426,-5089,-5025]} 1. e4 c5 2. Nf3 d6 3. d4 cxd4 4. Nxd4 Nf6 5. Nc3 a6 6. Bg5 e6 7. f4 h6 8. Bh4 Qb6 9. Qd2 Qxb2 10. Rb1 Qa3 11. e5 dxe5 {B97: Sizilianisch (Najdorf-Variante)} 12. fxe5 Nfd7 (12... g5 13. exf6 gxh4 14. Be2 Qa5 15. O-O Nd7 16. Kh1 Qg5 17. Qe1 Nxf6 18. Nf3 Qg7 19. Ne5 {½-½ (35) Radjabov,T (2748)-Wojtaszek,R (2744) Shamkir 2018}) 13. Ne4 Qxa2 14. Rd1 Qd5 15. Qe3 Qxe5 16. Be2 {LiveBook: 274 Partien} Bc5 $1 17. Bg3 Qd5 {Weiss muss nun ...0-0 beachten.} (17... Bxd4 $5 18. Rxd4 Qa5+ 19. Rd2 O-O $17) 18. c4 Bxd4 19. Rxd4 {[#]} Qa5+ $146 20. Rd2 $1 O-O $1 21. O-O {[#]} ({Besser ist} 21. Bd6 $15) 21... f5 $1 $17 {[%cal Rf5e4]} 22. Bd6 $2 {[%mdl 8192]} (22. Nd6 $17 Qc5 23. Qxc5 Nxc5 24. Bf2) 22... fxe4 $19 23. Bxf8 Nxf8 24. Qf4 Nbd7 25. Qf7+ Kh8 26. Rfd1 Qc5+ 27. Kh1 b5 28. Rd4 Ra7 {[#] ...Sf6 ist eine echte Drohung.} 29. Qh5 {Falls Weiss jetzt zu Dxc5 käme, bestünde noch etwas Hoffnung.} Qxh5 30. Bxh5 Rc7 31. cxb5 axb5 32. Be2 Rc5 33. Rb1 Bb7 34. Bxb5 Rd5 35. Rxd5 Bxd5 36. Kg1 Ne5 37. Be2 Nfg6 38. Kf2 Nf4 39. Bf1 Kh7 40. h3 Nc4 {Schwarz steht klar auf Gewinn.} 41. Bxc4 Bxc4 42. Ke3 Nxg2+ 43. Kxe4 Bd5+ 44. Ke5 Nh4 45. Rc1 Ng6+ 46. Kd6 Nf4 47. h4 (47. Rc3 $142) 47... Ng6 48. h5 Nf4 49. Rg1 Nxh5 50. Ke7 g5 {Precision: Weiß = 19%, Schwarz = 81%.} 0-1

[Event "FIDE WCCC U12 2018"]
[Site "Santiago de Compostela"]
[Date "2018.11.13"]
[Round "9"]
[White "Macias Pino, Diego"]
[Black "Grebnev, Aleksey"]
[Result "1/2-1/2"]
[WhiteElo "1947"]
[BlackElo "2151"]
[Annotator "TA"]
[PlyCount "65"]
[EventDate "2018.11.04"]
[EventType "swiss"]
[EventCountry "ESP"]
[SourceTitle "playchess.com"]
[Source "ChessBase"]
[SourceQuality "1"]

{[%evp 9,65,10,20,0,0,0,12,-9,-11,-8,-11,-26,11,0,0,0,0,0,17,0,35,35,26,9,56,20,22,16,65,43,71,69,76,65,67,55,64,56,89,98,115,42,36,38,58,38,41,47,39,39,106,84,172,172,295,283,302,163]} 1. e4 e6 2. d4 d5 3. Nd2 h6 (3... c5 4. exd5 Qxd5 5. Ngf3 cxd4 6. Bc4 Qd6 7. O-O Nf6 8. Nb3 Nc6 9. Nbxd4 Nxd4 10. Nxd4 a6 11. Re1 Qc7 12. Bf1 Be7 13. Qf3 O-O 14. Bf4 Bd6 15. Bxd6 Qxd6 16. Rad1 Qc7 17. c4 Rb8 18. Qg3 Qxg3 19. hxg3 Bd7 {½-½ (61) Karjakin,S (2773)-Duda,J (2737) chess.com INT 2018}) 4. c3 c5 5. dxc5 Bxc5 {LiveBook: 5 Games} 6. Ngf3 {C03: French Tarrasch: Unusual Black 3rd moves} Nf6 7. exd5 exd5 8. Nb3 {[%cal Bd2b3,Bb3d4,Bd4c2,Bc2e3][%mdl 32] The position is equal.} (8. Bd3 {keeps more tension.} O-O 9. O-O Nc6 10. h3 Re8 11. Nb3) 8... Bb6 9. Bd3 O-O 10. O-O Nc6 11. h3 Ne4 $146 12. Nbd4 Qf6 13. Be3 Bd7 (13... Re8 {feels hotter.} 14. Re1 Bd7 15. Qb3 Qg6 16. Qxd5 Bxh3 17. Nh4 Qf6) 14. Nc2 Bxe3 15. Nxe3 Be6 16. Qe2 Nc5 17. Rfd1 Rad8 18. Bc2 Rfe8 19. Nd4 Ne5 20. Nxe6 fxe6 21. Ng4 Nxg4 22. Qxg4 e5 23. Rd2 Rd6 24. Rad1 Red8 25. Qg3 ({White should play} 25. b4 $16 Ne6 26. Bb3) 25... Ne6 $14 26. Bb3 $36 {[%cal Rd2d5][%mdl 2048] Black is under pressure.} Nf4 27. Qf3 Kf8 28. Kh2 e4 29. Qe3 Qf5 ({Black should try} 29... Qg5 $14 30. g3 Nd3) 30. Bc2 (30. Qxa7 $6 Nxg2 31. Rxd5 (31. Kxg2 Rg6+ 32. Kf1 Qxh3+ 33. Ke2 Qf3+ 34. Kf1 Qh1+ 35. Ke2 Qf3+ 36. Kf1 Qh1+ 37. Ke2 Qf3+ $11) 31... Rxd5 $11) 30... Re6 (30... Ke7 $16 {was called for.}) 31. f3 $18 ({Resist} 31. Qxa7 $6 Rg6 $14) 31... Rde8 (31... Qe5 $142) 32. fxe4 (32. Qxa7 Qe5 $14) 32... dxe4 33. Rf2 {Precision: White = 54%, Black = 44%.} ({Not} 33. Qxa7 Qe5 $14) (33. Rf1 $142 g5 34. Ba4 (34. Qxa7 Qb5 $16)) 1/2-1/2

[Event "FIDE WCCC U12 2018"]
[Site "Santiago de Compostela"]
[Date "2018.11.13"]
[Round "9"]
[White "Haack, Kevin"]
[Black "Aizenberg, Benny"]
[Result "1-0"]
[WhiteElo "1911"]
[BlackElo "2164"]
[Annotator "TA"]
[PlyCount "77"]
[EventDate "2018.11.04"]
[EventType "swiss"]
[EventCountry "ESP"]
[SourceTitle "playchess.com"]
[Source "ChessBase"]
[SourceQuality "1"]

{[%evp 15,77,122,120,131,133,117,166,96,115,91,227,226,208,191,212,207,200,133,144,141,156,154,168,125,129,130,133,129,161,152,318,308,313,306,391,360,637,635,625,611,29986,29987,29987,833,866,860,772,766,812,816,947,956,954,939,1960,1636,2483,1506,2272,2266,5420,2779,2375,2725]} 1. c4 g6 2. g3 Bg7 3. Bg2 c5 4. Nc3 Nc6 5. a3 e5 6. b4 cxb4 {A36: Symmetrical English vs ...g6: 4 Bg2 Bg7} (6... d6 7. Rb1 Nge7 8. b5 Na5 9. d3 h6 10. e4 O-O 11. Nge2 f5 12. exf5 Bxf5 13. O-O Kh7 14. Nd5 Nxd5 15. Bxd5 Nxc4 16. Bxc4 {½-½ (41) Iordachescu,V (2601)-Georgiev,V (2553) Condino 2014}) 7. axb4 Nge7 8. b5 Nd4 {LiveBook: 3 Games. White is better.} 9. e3 Ne6 10. Ba3 f5 {[#]} 11. Nge2 (11. Bd6 $1 $18) 11... d6 $16 12. d4 $146 ({Predecessor:} 12. O-O O-O 13. d4 exd4 14. exd4 {1-0 (29) Denk,T-Fischer,T (2035) Oberhaching 2005}) 12... O-O (12... exd4 $16 {might work better.} 13. exd4 (13. Nxd4 Nxd4 14. exd4 Be6 $16) 13... f4) 13. dxe5 $18 Bxe5 14. f4 Bxc3+ 15. Nxc3 Nc5 16. Nd5 Be6 17. O-O Rc8 18. Bb2 {[#] Strongly threatening Qd4.} Bxd5 19. Bxd5+ Nxd5 20. Qxd5+ Rf7 21. Rxa7 Kf8 22. Rd1 $40 {[%mdl 128] White attacks with force.} Qb6 $2 (22... Rd7 $16 23. Qd4 Kf7) 23. Qxd6+ Qxd6 24. Rxd6 Ne4 25. Rb6 Rd7 $2 (25... Nc5 26. Bd4 Nb3) 26. Ba3+ Ke8 27. Rbxb7 Rd1+ 28. Kg2 Rd2+ 29. Kh3 (29. Kf1 $142 h5 30. Rh7 Rc7 31. Raxc7 Rd1+ 32. Ke2 Nc3+ 33. Kf3 Kd8 34. b6) 29... g5 {White is clearly winning.} 30. Re7+ Kd8 31. Rxe4 g4+ 32. Kh4 {And now Re5 would win.} Rxh2+ 33. Kg5 {Threatening mate with Rd4+.} fxe4 {[%mdl 4096] Endgame KRR-KRB} 34. b6 Rb8 35. Bd6 Kc8 36. Rc7+ Kd8 37. Rg7 Ra8 38. Rg8+ (38. b7 $142 Rb8 39. Bxb8 Rb2 40. Bd6 h6+ 41. Kf6 Rxb7 42. Rxb7 Kc8 43. Rh7 Kd8 44. c5 h5 45. c6 Ke8 46. Rh8#) 38... Kd7 39. Rxa8 {Precision: White = 62%, Black = 29%.} 1-0

[Event "FIDE WCCC U12 2018"]
[Site "Santiago de Compostela"]
[Date "2018.11.13"]
[Round "9"]
[White "Haack, Kevin"]
[Black "Aizenberg, Benny"]
[Result "*"]
[WhiteElo "1911"]
[BlackElo "2164"]
[Annotator "TA"]
[PlyCount "27"]
[EventDate "2018.11.04"]
[EventType "swiss"]
[EventCountry "ESP"]
[SourceTitle "playchess.com"]
[Source "ChessBase"]
[SourceQuality "1"]

{[%evp 15,22,132,124,103,135,135,164,114,111]} 1. c4 g6 2. g3 Bg7 3. Bg2 c5 4. Nc3 Nc6 5. a3 e5 6. b4 cxb4 {A36: Symmetrical English vs ...g6: 4 Bg2 Bg7} (6... d6 7. Rb1 Nge7 8. b5 Na5 9. d3 h6 10. e4 O-O 11. Nge2 f5 12. exf5 Bxf5 13. O-O Kh7 14. Nd5 Nxd5 15. Bxd5 Nxc4 16. Bxc4 {½-½ (41) Iordachescu,V (2601)-Georgiev,V (2553) Condino 2014}) 7. axb4 Nge7 8. b5 Nd4 {LiveBook: 3 Games} 9. e3 Ne6 10. Ba3 f5 11. Nge2 d6 {Predecessor:} 12. O-O $146 O-O 13. d4 exd4 14. exd4 {1-0 (29) Denk,T-Fischer,T (2035) Oberhaching 2005} *